Najmniej zalesione województwa w Polsce - Statystyki

Ogólne statystyki
  • Ten quiz został rozwiązany 256 razy
  • Średni wynik to 4 z 6
Statystyki odpowiedzi
Lesistość Województwo % Poprawnych
23,3% mazowieckie
83%
21,5% łódzkie
72%
26,6% opolskie
69%
23,3% lubelskie
67%
25,8% wielkopolskie
65%
28,4% świętokrzyskie
60%
Nie znaleziono quizów pasujących do podanych kryteriów
Rozkład punktacji
Procent ludzi z każdym wynikiem
Percentyl według liczby udzielonych odpowiedzi
Twoja historia wyników
Nie rozwiązałeś tego quizu